Пропуск в контексте

Аудит налогообложения учебное пособие

Дисциплина «Аудит налогообложения» включена УМЦ в учебный план по специальности «Бухгалтерский учет и аудит» и изучается студентами старших курсов экономических факультетов, в том числе по программе второго высшего образования. Учебное пособие позволит студентам в дополнение к лекциям преподавателя...

Полное описание

Сохранить в:
Библиографические подробности
Главный автор: Федоров Е. А.
Другие авторы: Баранова Л. Г., Федорова В. С.
Формат: Книга
Язык:Russian
Опубликовано: Санкт-Петербург ПГУПС 2015
Online-ссылка:http://e.lanbook.com/books/element.php?pl1_id=66405
https://e.lanbook.com/img/cover/book/66405.jpg
Метки: Добавить метку
Нет меток, Требуется 1-ая метка записи!
LEADER 01905nam0a2200265 i 4500
001 66405
003 RuSpLAN
005 20221220173940.0
008 221220s2015 ru gs 000 0 rus
020 |a 978-5-7641-0707-3 
040 |a RuSpLAN 
041 0 |a rus 
044 |a ru 
245 0 0 |a Аудит налогообложения  |b учебное пособие  |c Федоров Е. А.,Баранова Л. Г.,Федорова В. С. 
260 |a Санкт-Петербург  |b ПГУПС  |c 2015 
300 |a 52 с. 
504 |a Библиогр.: доступна в карточке книги, на сайте ЭБС Лань 
520 8 |a Дисциплина «Аудит налогообложения» включена УМЦ в учебный план по специальности «Бухгалтерский учет и аудит» и изучается студентами старших курсов экономических факультетов, в том числе по программе второго высшего образования. Учебное пособие позволит студентам в дополнение к лекциям преподавателя освоить порядок аудита налогообложения. Учебное пособие предназначено для подготовки специалистов и бакалавров экономических специальностей всех форм обучения. 
521 8 |a Книга из коллекции ПГУПС - Экономика и менеджмент 
100 1 |a Федоров Е. А. 
700 1 |a Баранова Л. Г. 
700 1 |a Федорова В. С. 
856 4 |u http://e.lanbook.com/books/element.php?pl1_id=66405 
856 4 8 |u https://e.lanbook.com/img/cover/book/66405.jpg 
953 |a https://e.lanbook.com/img/cover/book/66405.jpg